Simbolismo y ritual en el arte rupestre paleolítico de la isoida caucasoide / (Record no. 69162)

MARC details
000 -LEADER
campo de control de longitud fija 00735nam a2200217 i 4500
001 - NÚMERO DE CONTROL
campo de control 69162
003 - IDENTIFICADOR DE NÚMERO DE CONTROL
campo de control ES-MaACL
005 - FECHA Y HORA DE LA ÚLTIMA TRANSACCIÓN
campo de control 20250815153437.0
007 - CAMPO FIJO DE DESCRIPCIÓN FÍSICA--INFORMACIÓN GENERAL
campo de control de longitud fija t|
008 - DATOS DE LONGITUD FIJA--INFORMACIÓN GENERAL
campo de control de longitud fija 040915s1971 sp ||||1| spa d
080 ## - NÚMERO DE LA CLASIFICACIÓN DECIMAL UNIVERSAL
Número de la Clasificación Decimal Universal 7.031.1(4)
100 0# - ENTRADA PRINCIPAL--NOMBRE DE PERSONA
Nombre de persona Gómez-Tabanera, José Manuel,
Fechas asociadas al nombre 1926-2011
9 (RLIN) 58165
245 10 - MENCIÓN DEL TÍTULO
Título Simbolismo y ritual en el arte rupestre paleolítico de la isoida caucasoide /
Mención de responsabilidad, etc. J. Manuel Gómez-Tabanera.
260 ## - PUBLICACIÓN, DISTRIBUCIÓN, ETC.
Lugar de publicación, distribución, etc. Salamanca :
Nombre del editor, distribuidor, etc. Zephyrus,
Fecha de publicación, distribución, etc. 1971.
300 ## - DESCRIPCIÓN FÍSICA
Extensión p. [73]-87 ;
Dimensiones 24 cm.
500 ## - NOTA GENERAL
Nota general Separata de: Zephyrus, volúmenes XXI-XXII, 1970-1971.
650 #7 - PUNTO DE ACCESO ADICIONAL DE MATERIA--TÉRMINO DE MATERIA
Término de materia o nombre geográfico como elemento de entrada Pintura rupestre
Fuente del encabezamiento o término embne
9 (RLIN) 163752
852 ## - LOCALIZACIÓN
Ubicación ES-MaACL
Número de control de estantería 2179-F-6
Sublocalización o colección R.134119
852 ## - LOCALIZACIÓN
Ubicación ES-MaACL
Número de control de estantería 2084-F-38
itemnumber R.89161
Holdings
Estatus retirado Estado de pérdida Estado de daño No para préstamo Colección Biblioteca de origen Biblioteca actual Ubicación en estantería Fecha de adquisición Fuente de adquisición Total de préstamos Signatura topográfica completa Código de barras Visto por última vez Precio de reemplazo Tipo de ítem Koha
        Colección de folletos Biblioteca del Ateneo de Madrid Biblioteca del Ateneo de Madrid Depósito folletos 25/11/2008     2084-F-38 1178231 23/02/2023 23/02/2023 Folleto
        Colección de folletos Biblioteca del Ateneo de Madrid Biblioteca del Ateneo de Madrid Depósito folletos 17/01/2008     2179-F-6 1072421 23/02/2023 23/02/2023 Folleto